Statistics for FIFA 22 TOTW 13

Click here to take the quiz!

General Stats

  • This quiz has been taken 10 times
  • The average score is 13 of 23

Answer Stats

ClubPositionRatingAnswer% Correct
Real MadridGK90Thibaut Courtois
100%
ArsenalCB82Gabriel
88%
Man CityRW89Raheem Sterling
88%
LeicesterCDM86Youri Tielemans
88%
Crystal PalaceCM80Conor Gallagher
75%
MarseilleCB84Duje Caleta-Car
75%
BenficaLW81Darwin Nunez
63%
FiorentinaST84Dusan Vlahovic
63%
RB SalzburgST78Karim Adeyemi
63%
NantesRM84Ludovic Blas
63%
BesiktasST81Michy Batshuayi
63%
Inter MilanCM87Nicolo Barella
63%
HoffenheimLWB79David Raum
50%
Eintracht FrankfurtCB81Evan Ndicka
50%
EspanyolLW84Javi Puado
50%
AugsburgCDM81Niklas Dorsch
50%
OGC NiceRB84Youcef Atal
50%
SevillaCDM84Thomas Delaney
38%
AtlasCM79Aldo Rocha
25%
SampdoriaCF81Manolo Gabbiadini
25%
Sparta PragueST77Matej Pulkrab
25%
Stal MielecGK74Rafal Straczek
25%
New York CityGK79Sean Johnson
25%

Score Distribution

Percentile by Number Answered

Percent of People with Each Score

Your Score History

You have not taken this quiz